Industrial Management (Record no. 14179)

MARC details
000 -LEADER
fixed length control field 00253nam a22001217a 4500
082 ## - DEWEY DECIMAL CLASSIFICATION NUMBER
Classification number 658.5AHU
100 ## - MAIN ENTRY--AUTHOR NAME
Personal name Ahuja, K K
245 ## - TITLE STATEMENT
Title Industrial Management
260 ## - PUBLICATION, DISTRIBUTION, ETC. (IMPRINT)
Place of publication India
Year of publication 1986
300 ## - PHYSICAL DESCRIPTION
Number of Pages 375
650 ## - SUBJECT ADDED ENTRY--TOPICAL TERM
Topical Term Industrial Management
942 ## - ADDED ENTRY ELEMENTS (KOHA)
Koha item type Books
Holdings
Withdrawn status Lost status Home library Current library Date acquired Cost, normal purchase price Full call number Accession Number Koha item type
    Central Library, QUEST, Nawabshah Central Library, QUEST, Nawabshah 21/09/2015 150.00 658.5AHU 12186 Books